书目信息 |
| 题名: |
象棋的故事
|
|
| 作者: | 茨威格 著 ;庞文薇 译 | |
| 分册: | ||
| 出版信息: | 长沙 湖南文艺出版社 2024.07 |
|
| 页数: | 308页 | |
| 开本: | 21cm | |
| 丛书名: | ||
| 单 册: | ||
| 中图分类: | I521.45 | |
| 科图分类: | ||
| 主题词: | 中篇小说--小说集--奥地利--现代 | |
| 电子资源: | ||
| ISBN: | 978-7-5726-1903-8 | |
| 000 | 00946nam0 2200253 450 | |
| 001 | 013127834 | |
| 005 | 20251022143049.18 | |
| 010 | @a978-7-5726-1903-8@dCNY49.80 | |
| 100 | @a20240912d2024 em y0chiy0120 ea | |
| 101 | 1 | @achi@cger |
| 102 | @aCN@b430000 | |
| 105 | @ay z 000ay | |
| 106 | @ar | |
| 200 | 1 | @a象棋的故事@9xiang qi de gu shi@dSchachnovelle@f(奥)斯蒂芬·茨威格(Stefan Zweig)著@g庞文薇译@zger |
| 210 | @a长沙@c湖南文艺出版社@d2024.07 | |
| 215 | @a308页@d21cm | |
| 330 | @a本书精选八篇茨威格经典中篇小说,包括《奇妙之夜》《期间的一段小插曲》《里昂的婚礼》《旧书商门德尔》《无形的压力巧识新艺》《象棋的故事》等。 | |
| 510 | 1 | @aSchachnovelle@zger |
| 606 | 0 | @a中篇小说@x小说集@y奥地利@z现代 |
| 690 | @aI521.45@v5 | |
| 701 | 0 | @c(奥)@a茨威格@9ci wei ge@c(Zweig, Stefan@f1881-1942)@4著 |
| 702 | 0 | @a庞文薇@9pang wen wei@c(女,@f1980-)@4译 |
| 801 | 0 | @aCN@c20250911 |
| 905 | @a河南城建学院图书馆@dI521.45@eC941-5@ZC941-5@f1 | |
| 象棋的故事=Schachnovelle/(奥)斯蒂芬·茨威格(Stefan Zweig)著/庞文薇译.-长沙:湖南文艺出版社,2024.07 |
| 308页;21cm |
| ISBN 978-7-5726-1903-8:CNY49.80 |
| 本书精选八篇茨威格经典中篇小说,包括《奇妙之夜》《期间的一段小插曲》《里昂的婚礼》《旧书商门德尔》《无形的压力巧识新艺》《象棋的故事》等。 |
| ● |
| 相关链接 |
|
|
|
正题名:象棋的故事
索取号:I521.45/C941-5
 
预约/预借
| 序号 | 登录号 | 条形码 | 馆藏地/架位号 | 状态 | 备注 |
| 1 | 1635973 | 216359731 | 文学库116/116文学库 18排2列2层/ [索取号:I521.45/C941-5] | 在馆 |